Normal view MARC view
  • United States

Entry Topical Term

Number of records used in: 1

001 - CONTROL NUMBER

  • control field: 118580

003 - CONTROL NUMBER IDENTIFIER

  • control field: NUST

005 - DATE AND TIME OF LATEST TRANSACTION

  • control field: 20231104143344.0

008 - FIXED-LENGTH DATA ELEMENTS

  • fixed length control field: 231104|| aca||aabn | a|a d

040 ## - CATALOGING SOURCE

  • Original cataloging agency: NUST
  • Transcribing agency: NUST

150 ## - HEADING--TOPICAL TERM

  • Topical term or geographic name entry element: United States
  • Topical term or geographic name entry element: Ellen F. Fitzpatrick

670 ## - SOURCE DATA FOUND

  • Source citation: Work cat.: (NUST): Brinkley, Alan 19432, America in modern times: since 1890, 1997.
© 2023 Central Library, National University of Sciences and Technology. All Rights Reserved.